| 000 | 01494nam a22004331a 4500 | ||
|---|---|---|---|
| 001 | 5367749 | ||
| 005 | 20151101020002.0 | ||
| 008 | 050316s2005 nyua 001 0 eng | ||
| 010 | _a2005046934 | ||
| 015 |
_aGBA562911 _2bnb |
||
| 016 | 7 |
_a013261372 _2Uk |
|
| 020 | _a0764115928 | ||
| 020 | _a0764115928 | ||
| 020 | _a0764115928 | ||
| 020 | _a0764115928 | ||
| 024 | 3 | _a9780764132704 | |
| 024 | 3 | _a9780764178788 | |
| 035 | _a(OCoLC)ocm58546344 | ||
| 035 | _a(JUDdb)97123 | ||
| 040 |
_aDLC _cDLC _dYDX _dBAKER _dVPL _dRMC _dUKM _dBTCTA _dIFH _dJUDdb |
||
| 049 |
_aIFHA _lbk1 _p30811001308034 |
||
| 050 | 0 | 0 |
_aLB 2367.4.B76 2000 _bLB 2367.4.B76 2000 |
| 082 | 0 | 0 |
_a378.1/662 _222 |
| 090 |
_aLB2367.4 _b.G747 2005 |
||
| 100 | 1 |
_aGreen, Sharon, _d1939- |
|
| 245 | 1 | 0 |
_aHow to prepare for the GRE, Graduate Record Examination / _cSharon Weiner Green, Ira K. Wolf. _h[Text] |
| 250 | _a14th ed. | ||
| 260 |
_aHauppauge, N.Y. _bBarron's _c2000 |
||
| 300 |
_avi, 543 p. : _bill. ; _c28 cm + _e1 CD-ROM (4 3/4 in.). |
||
| 500 | _aAt head of title: Barron's Includes index. | ||
| 590 | _a30811001308034 | ||
| 650 | 0 |
_aGraduate Record Examination _vStudy guides. |
|
| 700 | 1 | _aWolf, Ira K. | |
| 938 |
_aBaker & Taylor _bBKTY _c29.99 _d22.49 _i0764178784 _n0006307774 _sactive _zB&T Title: Barron's How To Prepare For The Gre |
||
| 938 |
_aBaker & Taylor _bBKTY _c16.99 _d12.74 _i0764132709 _n0006307773 _sactive |
||
| 938 |
_aBaker and Taylor _bBTCP _n2005046934 |
||
| 994 |
_a01 _bIFH |
||
| 942 | 0 | 0 | _01 |
| 999 |
_c35271 _d35271 |
||